The art and science of digital compositing
Αποθηκεύτηκε σε:
| Κύριος συγγραφέας: | |
|---|---|
| Μορφή: | Βιβλίο |
| Γλώσσα: | English |
| Δημοσίευση: |
San Francisco :
Morgan Kaufmann,
c1999
|
| Θέματα: | |
| Ετικέτες: |
Προσθήκη ετικέτας
Δεν υπάρχουν, Καταχωρήστε ετικέτα πρώτοι!
|
MARC
| LEADER | 00000nam a2200000 i 4500 | ||
|---|---|---|---|
| 001 | 1/76131 | ||
| 008 | 050512s1999 eng d | ||
| 020 | |a 0-12-133960-2 | ||
| 020 | |a 978-0-12-133960-9 | ||
| 035 | |l 10077895 | ||
| 040 | |a GR-MY-UA |b gre |e aacr | ||
| 041 | 0 | |a eng | |
| 082 | 0 | |a 006.6 |2 (21) | |
| 100 | 1 | |a Brinkmann , Ron. | |
| 245 | 1 | 4 | |a The art and science of digital compositing / |c Ron Brinkmann |
| 260 | |a San Francisco : |b Morgan Kaufmann, |c c1999 | ||
| 300 | |a xviii, 364 σ.; |b εικ. (ορισμένες έγχρ.); |c 24εκ.+ |e 1 οπτική δισκέτα λέιζερ Η/Υ (4 3/4 ίν.) | ||
| 504 | |a Βιβλιογραφία: σ. 321-323. Ευρετήριο | ||
| 650 | 0 | 0 | |a Computer graphics. |
| 650 | 0 | 0 | |a Image processing |x Digital techniques. |
| 852 | |a INST |b LESVOS |e 20050512 |h 006.6 BRI |p 005100029789 |q 005100029789 |t BK |y 0 | ||
| 852 | |a INST |b LESVOS |e 20050512 |h 006.6 BRI |p 005100029788 |q 005100029788 |t BK |y 0 | ||
| 852 | |a INST |b SYROS |e 20061025 |h 006.6 BRI |p 005500007553 |q 005500007553 |t BK |y 0 | ||
| 852 | |a INST |b SYROS |e 20070315 |h 006.6 BRI |p 005500007552 |q 005500007552 |t BK |y 0 | ||
| 901 | |a BIBL1-2005-2 | ||
| 909 | |a Λ |b 115059 | ||
| 909 | |a Λ |b 115060 | ||
| 909 | |a Ε |b 129596 | ||
| 909 | |a Ε |b 117749 | ||
| 920 | |a ΔΙΕΥΡΥΝΣΗ |b ΕΠΕΑΕΚ-ΠΤΕ |y ΛΕΣΒΟΣ |z 2004-10 | ||
| 922 | |a 5ΕΛΗ |b 200610 |c ΒΙΒΛΙΟΘΗΚΗ ΣΥΡΟΥ |d ΜΙΧΑΛΟΠΟΥΛΟΣ | ||
| 950 | |a 188-2006-09-18 | ||
| 970 | |a ΜΑΡΙΝΑΤΟΥ |b ΜΥΡΣΙΝΗ |z 2005/05/12 | ||